[Event "Campeonato España Sub 16"]
[Site "Salobreña"]
[Date "2017.07.25"]
[Round "3"]
[White "Fernandez Camello, Alejandro"]
[Black "Jausas Lopez, Andrea"]
[Result "1-0"]
[Board "11"]
[WhiteClock "n/a"]
[WhiteElo "2097"]
[WhiteCountry "ESP"]
[WhiteFideId "32038992"]
[WhiteEloChange "4"]
[BlackClock "n/a"]
[BlackElo "1878"]
[BlackCountry "ESP"]
[BlackFideId "22274901"]
[BlackEloChange "-4"]

1. d4 {[%clk 1:30:30]} d5 {[%clk 1:30:30]} 2. c4 {[%clk 1:30:30]} c6 {[%clk
1:30:30]} 3. Nf3 {[%clk 1:30:30]} Nf6 {[%clk 1:30:30]} 4. Nc3 {[%clk 1:30:30]} e6
{[%clk 1:30:30]} 5. g3 {[%clk 1:30:30]} Nbd7 {[%clk 1:30:30]} 6. Bg2 {[%clk
1:30:30]} Bd6 {[%clk 1:30:30]} 7. O-O {[%clk 1:30:30]} O-O {[%clk 1:30:30]} 8.
Nd2 {[%clk 1:30:30]} Re8 {[%clk 1:30:30]} 9. e4 {[%clk 1:30:30]} dxe4 {[%clk
1:30:30]} 10. Ndxe4 {[%clk 1:30:30]} Nxe4 {[%clk 1:30:30]} 11. Nxe4 {[%clk
1:30:30]} Be7 {[%clk 1:30:30]} 12. Bf4 {[%clk 1:30:30]} Nf6 {[%clk 1:30:30]} 13.
Nc3 {[%clk 1:30:30]} Bd6 {[%clk 1:30:30]} 14. Be5 {[%clk 1:30:30]} Qe7 {[%clk
1:30:30]} 15. f4 {[%clk 1:30:30]} Bb4 {[%clk 1:30:30]} 16. Qb3 {[%clk 1:30:30]}
Bxc3 {[%clk 1:30:30]} 17. Qxc3 {[%clk 1:30:30]} Nd7 {[%clk 1:30:30]} 18. c5
{[%clk 1:30:30]} Nf6 {[%clk 1:30:30]} 19. Rae1 {[%clk 1:30:30]} Qd8 {[%clk
1:30:30]} 20. Bxf6 {[%clk 1:30:30]} gxf6 {[%clk 1:30:30]} 21. Be4 {[%clk
1:30:30]} f5 {[%clk 1:30:30]} 22. Bf3 {[%clk 1:30:30]} Qf6 {[%clk 1:30:30]} 23.
Qe3 {[%clk 1:30:30]} Rd8 {[%clk 1:30:30]} 24. Rd1 {[%clk 1:30:30]} Qg7 {[%clk
1:30:30]} 25. Kh1 {[%clk 1:30:30]} Kh8 {[%clk 1:30:30]} 26. Rg1 {[%clk 1:30:30]}
Rg8 {[%clk 1:30:30]} 27. g4 {[%clk 1:30:30]} Qf6 {[%clk 1:30:30]} 28. gxf5 {[%clk
1:30:30]} Rxg1+ {[%clk 1:30:30]} 29. Kxg1 {[%clk 1:30:30]} Qxf5 {[%clk 1:30:30]}
30. Qe5+ {[%clk 1:30:30]} Kg8 {[%clk 1:30:30]} 31. Kh1 {[%clk 1:30:30]} Qxe5
{[%clk 1:30:30]} 32. dxe5 {[%clk 1:30:30]} Kg7 {[%clk 1:30:30]} 33. Rd8 {[%clk
1:30:30]} Kg6 {[%clk 1:30:30]} 34. Be4+ {[%clk 1:30:30]} f5 {[%clk 1:30:30]} 35.
exf6+ {[%clk 1:30:30]} Kxf6 {[%clk 1:30:30]} 36. Bxh7 {[%clk 1:30:30]} b6 {[%clk
1:30:30]} 37. Be4 {[%clk 1:30:30]} Bb7 {[%clk 1:30:30]} 38. Rxa8 {[%clk 1:30:30]}
Bxa8 {[%clk 1:30:30]} 39. cxb6 {[%clk 1:30:30]} axb6 {[%clk 1:30:30]} 40. Kg2
{[%clk 1:30:30]} e5 {[%clk 1:30:30]} 41. Kf3 {[%clk 1:30:30]} Bb7 {[%clk
1:30:30]} 42. h4 {[%clk 1:30:30]} Ba8 {[%clk 1:30:30]} 43. a4 {[%clk 1:30:30]}
Bb7 {[%clk 1:30:30]} 44. h5 {[%clk 1:30:30]} exf4 {[%clk 1:30:30]} 45. Kxf4
{[%clk 1:30:30]} Bc8 {[%clk 1:30:30]} 46. Bxc6 {[%clk 1:30:30]} Bf5 {[%clk
1:30:30]} 47. h6 {[%clk 1:30:30]} Be6 {[%clk 1:30:30]} 48. h7 {[%clk 1:30:30]}
Kg7 {[%clk 1:30:30]} 49. Ke5 {[%clk 1:30:30]} Bc4 {[%clk 1:30:30]} 50. Kd6 {[%clk
1:30:30]} Kxh7 {[%clk 1:30:30]} 51. Kc7 {[%clk 1:30:30]} Kg6 {[%clk 1:30:30]} 52.
Kxb6 {[%clk 1:30:30]} Kf5 {[%clk 1:30:30]} 53. b4 {[%clk 1:30:30]} Ke6 {[%clk
1:30:30]} 54. b5 {[%clk 1:30:30]} Ke7 {[%clk 1:30:30]} 55. a5 {[%clk 1:30:30]}
Kd8 {[%clk 1:30:30]} 56. a6 {[%clk 1:30:30]} 1-0

[Event "Campeonato España Sub 16"]
[Site "Salobreña"]
[Date "2017.07.25"]
[Round "3"]
[White "Plazuelo Pascual, Juan"]
[Black "Represa Perez, Mireya"]
[Result "1-0"]
[Board "12"]
[WhiteClock "1:30"]
[WhiteTitle "FM"]
[WhiteElo "2334"]
[WhiteCountry "ESP"]
[WhiteFideId "32059566"]
[WhiteEloChange "2"]
[BlackClock "1:30"]
[BlackTitle "WFM"]
[BlackElo "1974"]
[BlackCountry "ESP"]
[BlackFideId "32010036"]
[BlackEloChange "-2"]

1. d4 {[%clk 1:30:00]} d5 {[%clk 1:30:00]} 2. c4 {[%clk 1:31:00]} Bf5 {[%clk
1:30:00]} 3. cxd5 {[%clk 1:31:00]} Bxb1 {[%clk 1:30:00]} 4. Qa4+ {[%clk 1:31:00]}
c6 {[%clk 1:31:00]} 5. dxc6 {[%clk 1:29:00]} Nxc6 {[%clk 1:31:00]} 6. Rxb1 {[%clk
1:29:00]} e5 {[%clk 1:31:00]} 7. a3 {[%clk 1:26:00]} exd4 {[%clk 1:30:00]} 8. Nf3
{[%clk 1:24:00]} Bc5 {[%clk 1:29:00]} 9. g3 {[%clk 1:21:00]} Ne7 {[%clk 1:25:00]}
10. Bg2 {[%clk 1:19:00]} O-O {[%clk 1:25:00]} 11. O-O {[%clk 1:19:00]} a6 {[%clk
1:22:00]} 12. Ng5 {[%clk 1:12:00]} Bb6 {[%clk 1:09:00]} 13. Qc2 {[%clk 1:11:00]}
Ng6 {[%clk 1:06:00]} 14. h4 {[%clk 1:09:00]} h6 {[%clk 0:52:00]} 15. h5 {[%clk
1:03:00]} d3 {[%clk 0:51:00]} 16. exd3 {[%clk 1:02:00]} Nd4 {[%clk 0:47:00]} 17.
Qd1 {[%clk 1:01:00]} Ne5 {[%clk 0:44:00]} 18. Ne4 {[%clk 0:37:00]} Nf5 {[%clk
0:37:00]} 19. Bh3 {[%clk 0:35:00]} Ne7 {[%clk 0:29:00]} 20. Bf4 {[%clk 0:32:00]}
Qxd3 {[%clk 0:25:00]} 21. Bxe5 {[%clk 0:32:00]} Qxe4 {[%clk 0:25:00]} 22. Re1
{[%clk 0:32:00]} Qh7 {[%clk 0:16:49]} 23. Qf3 {[%clk 0:28:00]} Rad8 {[%clk
0:12:48]} 24. Qxb7 {[%clk 0:27:00]} Nd5 {[%clk 0:10:33]} 25. Qc6 {[%clk 0:26:00]}
Qd3 {[%clk 0:08:44]} 26. Bg4 {[%clk 0:17:06]} Rfe8 {[%clk 0:06:22]} 27. Rbd1
{[%clk 0:15:26]} Qb3 {[%clk 0:06:33]} 28. Bc3 {[%clk 0:08:31]} Rxe1+ {[%clk
0:04:53]} 29. Rxe1 {[%clk 0:09:00]} Nf6 {[%clk 0:03:23]} 30. Bf5 {[%clk 0:08:23]}
Rd1 {[%clk 0:02:13]} 31. Kh2 {[%clk 0:06:17]} Rxe1 {[%clk 0:01:56]} 32. Bxe1
{[%clk 0:06:45]} Qd1 {[%clk 0:00:55]} 33. Qxb6 {[%clk 0:04:48]} Qxe1 {[%clk
0:00:51]} 34. Qd8+ {[%clk 0:04:41]} Ne8 {[%clk 0:01:12]} 35. Kg2 {[%clk 0:04:25]}
Qe5 {[%clk 0:01:03]} 36. Bd7 {[%clk 0:03:29]} Qd5+ {[%clk 0:00:59]} 37. f3 {[%clk
0:03:43]} Qd2+ {[%clk 0:00:37]} 38. Kh3 {[%clk 0:04:09]} Qf2 {[%clk 0:00:30]} 39.
Qxe8+ {[%clk 0:04:27]} Kh7 {[%clk 0:01:03]} 40. Bf5+ {[%clk 0:04:52]} g6 {[%clk
0:01:24]} 41. Qxf7+ {[%clk 0:05:14]} Kh8 {[%clk 0:01:45]} 42. Qf8+ {[%clk
0:05:41]} Kh7 {[%clk 0:02:14]} 43. Bxg6# {[%clk 0:05:41]} 1-0

[Event "Campeonato España Sub 16"]
[Site "Salobreña"]
[Date "2017.07.25"]
[Round "3"]
[White "Gonzalvez Tamarit, Ruben"]
[Black "Roldan Marques, Daniel"]
[Result "1/2-1/2"]
[Board "13"]
[WhiteClock "1:30"]
[WhiteElo "1954"]
[WhiteCountry "ESP"]
[WhiteFideId "32041764"]
[WhiteEloChange "8"]
[BlackClock "1:30"]
[BlackTitle "FM"]
[BlackElo "2300"]
[BlackCountry "ESP"]
[BlackFideId "32063318"]
[BlackEloChange "-8"]

1. e4 {[%clk 1:30:00]} e5 {[%clk 1:30:00]} 2. Nf3 {[%clk 1:31:00]} Nc6 {[%clk
1:31:00]} 3. d4 {[%clk 1:31:00]} exd4 {[%clk 1:31:00]} 4. Nxd4 {[%clk 1:32:00]}
g6 {[%clk 1:31:00]} 5. Nxc6 {[%clk 1:32:00]} bxc6 {[%clk 1:31:00]} 6. Bc4 {[%clk
1:30:00]} Bg7 {[%clk 1:31:00]} 7. Nc3 {[%clk 1:28:00]} Ne7 {[%clk 1:30:00]} 8.
Be3 {[%clk 1:26:00]} O-O {[%clk 1:29:00]} 9. O-O {[%clk 1:25:00]} Bb7 {[%clk
1:22:00]} 10. Bd4 {[%clk 1:19:00]} d5 {[%clk 1:16:00]} 11. Bb3 {[%clk 1:09:00]}
Qd6 {[%clk 1:00:00]} 12. Bxg7 {[%clk 1:08:00]} Kxg7 {[%clk 1:00:00]} 13. Qd4+
{[%clk 1:02:00]} f6 {[%clk 0:54:00]} 14. Na4 {[%clk 0:41:00]} dxe4 {[%clk
0:45:00]} 15. Qxe4 {[%clk 0:40:00]} Nd5 {[%clk 0:44:00]} 16. Rfe1 {[%clk
0:36:00]} Rae8 {[%clk 0:41:00]} 17. Qxe8 {[%clk 0:30:00]} Rxe8 {[%clk 0:41:00]}
18. Rxe8 {[%clk 0:30:00]} Nf4 {[%clk 0:37:00]} 19. Nc3 {[%clk 0:23:00]} Qd7
{[%clk 0:34:00]} 20. Re3 {[%clk 0:22:00]} c5 {[%clk 0:27:00]} 21. Rd1 {[%clk
0:13:44]} Qf5 {[%clk 0:22:00]} 22. Rg3 {[%clk 0:02:44]} h5 {[%clk 0:22:00]} 23.
h4 {[%clk 0:01:01]} Bxg2 {[%clk 0:15:45]} 24. Rxg2 {[%clk 0:01:11]} Nxg2 {[%clk
0:15:59]} 25. Kxg2 {[%clk 0:01:31]} Qg4+ {[%clk 0:16:12]} 26. Kf1 {[%clk
0:01:09]} Qxh4 {[%clk 0:16:07]} 27. Rd7+ {[%clk 0:00:48]} Kh6 {[%clk 0:16:31]}
28. Rxc7 {[%clk 0:00:39]} Qf4 {[%clk 0:14:25]} 29. Nd5 {[%clk 0:00:42]} Qc1+
{[%clk 0:14:06]} 30. Kg2 {[%clk 0:00:59]} h4 {[%clk 0:13:04]} 31. Rf7 {[%clk
0:00:59]} c4 {[%clk 0:09:49]} 32. Bxc4 {[%clk 0:01:17]} Qxc2 {[%clk 0:09:35]} 33.
Ne3 {[%clk 0:01:26]} Qe4+ {[%clk 0:09:49]} 34. Kh2 {[%clk 0:01:37]} f5 {[%clk
0:08:58]} 35. Bb3 {[%clk 0:01:12]} Qe5+ {[%clk 0:07:46]} 36. Kg2 {[%clk 0:01:09]}
a5 {[%clk 0:06:54]} 37. Bd5 {[%clk 0:00:54]} Qxb2 {[%clk 0:06:57]} 38. Rf8 {[%clk
0:00:47]} Kg5 {[%clk 0:06:36]} 39. Rg8 {[%clk 0:00:36]} h3+ {[%clk 0:05:51]} 40.
Kxh3 {[%clk 0:01:05]} Qxf2 {[%clk 0:06:07]} 41. Ng2 {[%clk 0:00:59]} f4 {[%clk
0:05:55]} 42. Kh2 {[%clk 0:00:49]} f3 {[%clk 0:06:07]} 43. Bxf3 {[%clk 0:01:07]}
Qxf3 {[%clk 0:05:57]} 44. Rxg6+ {[%clk 0:01:32]} Kh5 {[%clk 0:06:10]} 45. Rg3
{[%clk 0:01:39]} Qe2 {[%clk 0:05:51]} 46. a3 {[%clk 0:01:39]} 1/2-1/2

[Event "Campeonato España Sub 16"]
[Site "Salobreña"]
[Date "2017.07.25"]
[Round "3"]
[White "Gomez Sanjuan, Hector Fernando"]
[Black "Medina Martin, Alberto"]
[Result "1-0"]
[Board "14"]
[WhiteClock "1:30"]
[WhiteElo "2189"]
[WhiteCountry "ESP"]
[WhiteFideId "22274960"]
[WhiteEloChange "3"]
[BlackClock "1:30"]
[BlackElo "1882"]
[BlackCountry "ESP"]
[BlackFideId "32067968"]
[BlackEloChange "-3"]

1. d4 {[%clk 1:30:00]} Nf6 {[%clk 1:30:00]} 2. c4 {[%clk 1:31:00]} c5 {[%clk
1:30:00]} 3. d5 {[%clk 1:31:00]} b5 {[%clk 1:30:00]} 4. Qc2 {[%clk 1:31:00]} bxc4
{[%clk 1:30:00]} 5. e4 {[%clk 1:31:00]} Ba6 {[%clk 1:29:00]} 6. Bxc4 {[%clk
1:24:00]} Bxc4 {[%clk 1:30:00]} 7. Qxc4 {[%clk 1:25:00]} d6 {[%clk 1:30:00]} 8.
Nf3 {[%clk 1:24:00]} Nbd7 {[%clk 1:29:00]} 9. O-O {[%clk 1:24:00]} g6 {[%clk
1:28:00]} 10. b3 {[%clk 1:19:00]} Bg7 {[%clk 1:27:00]} 11. Bb2 {[%clk 1:19:00]}
O-O {[%clk 1:27:00]} 12. Qc2 {[%clk 1:17:00]} Nb6 {[%clk 1:24:00]} 13. Rd1 {[%clk
1:14:00]} Qc7 {[%clk 1:09:00]} 14. Na3 {[%clk 1:14:00]} Rab8 {[%clk 1:09:00]} 15.
Nd2 {[%clk 1:07:00]} Rbd8 {[%clk 0:39:00]} 16. Rac1 {[%clk 1:05:00]} Qd7 {[%clk
0:34:00]} 17. h3 {[%clk 1:04:00]} Nh5 {[%clk 0:31:00]} 18. Bxg7 {[%clk 1:03:00]}
Nxg7 {[%clk 0:32:00]} 19. Ndc4 {[%clk 1:02:00]} f5 {[%clk 0:32:00]} 20. e5 {[%clk
0:57:00]} f4 {[%clk 0:30:00]} 21. Qe4 {[%clk 0:53:00]} Qf5 {[%clk 0:28:00]} 22.
Qxf5 {[%clk 0:51:00]} Nxf5 {[%clk 0:28:00]} 23. Nb5 {[%clk 0:51:00]} Nxc4 {[%clk
0:27:00]} 24. Rxc4 {[%clk 0:50:00]} Rd7 {[%clk 0:23:00]} 25. exd6 {[%clk
0:49:00]} exd6 {[%clk 0:21:00]} 26. Rxf4 {[%clk 0:48:00]} a6 {[%clk 0:19:04]} 27.
Nc3 {[%clk 0:48:00]} Re8 {[%clk 0:18:35]} 28. Ne4 {[%clk 0:43:00]} Rf7 {[%clk
0:19:00]} 29. g4 {[%clk 0:36:00]} Nh6 {[%clk 0:18:07]} 30. Nf6+ {[%clk 0:35:00]}
Kh8 {[%clk 0:18:31]} 31. Nxe8 {[%clk 0:35:00]} Rxf4 {[%clk 0:18:40]} 32. Nxd6
{[%clk 0:35:00]} Kg7 {[%clk 0:18:36]} 33. Rc1 {[%clk 0:35:00]} Nf7 {[%clk
0:18:25]} 34. Nxf7 {[%clk 0:35:00]} Kxf7 {[%clk 0:18:53]} 35. Rxc5 {[%clk
0:36:00]} h5 {[%clk 0:18:57]} 36. gxh5 {[%clk 0:36:00]} gxh5 {[%clk 0:19:21]} 37.
Rc6 {[%clk 0:36:00]} Rd4 {[%clk 0:19:37]} 38. Rxa6 {[%clk 0:36:00]} Rxd5 {[%clk
0:20:00]} 39. a4 {[%clk 0:35:00]} Rd3 {[%clk 0:20:00]} 40. b4 {[%clk 0:36:00]}
Rxh3 {[%clk 0:20:00]} 41. b5 {[%clk 0:35:00]} Rb3 {[%clk 0:21:00]} 42. Kg2 {[%clk
0:35:00]} Ke7 {[%clk 0:21:00]} 43. b6 {[%clk 0:33:00]} Kd7 {[%clk 0:21:00]} 44.
Ra7+ {[%clk 0:33:00]} Kc8 {[%clk 0:21:00]} 45. a5 {[%clk 0:33:00]} Kb8 {[%clk
0:21:00]} 46. f4 {[%clk 0:33:00]} h4 {[%clk 0:21:00]} 47. f5 {[%clk 0:33:00]} h3+
{[%clk 0:21:00]} 48. Kh2 {[%clk 0:33:00]} Rf3 {[%clk 0:21:00]} 49. Rf7 {[%clk
0:33:00]} Re3 {[%clk 0:21:00]} 50. f6 {[%clk 0:33:00]} 1-0

[Event "Campeonato España Sub 16"]
[Site "Salobreña"]
[Date "2017.07.25"]
[Round "3"]
[White "Sama Salinas, Alejandro"]
[Black "Baquedano Coarasa, Pablo"]
[Result "1/2-1/2"]
[Board "15"]
[WhiteClock "1:30"]
[WhiteElo "2000"]
[WhiteCountry "ESP"]
[WhiteFideId "32086318"]
[WhiteEloChange "4"]
[BlackClock "1:30"]
[BlackElo "2151"]
[BlackCountry "ESP"]
[BlackFideId "32024991"]
[BlackEloChange "-4"]

1. d4 {[%clk 1:30:00]} Nf6 {[%clk 1:30:00]} 2. c4 {[%clk 1:31:00]} g6 {[%clk
1:31:00]} 3. Nc3 {[%clk 1:31:00]} Bg7 {[%clk 1:31:00]} 4. e4 {[%clk 1:32:00]} d6
{[%clk 1:32:00]} 5. h3 {[%clk 1:32:00]} O-O {[%clk 1:32:00]} 6. Be3 {[%clk
1:33:00]} e5 {[%clk 1:31:00]} 7. d5 {[%clk 1:33:00]} a5 {[%clk 1:29:00]} 8. Bd3
{[%clk 1:33:00]} Na6 {[%clk 1:26:00]} 9. Nge2 {[%clk 1:33:00]} Nc5 {[%clk
1:19:00]} 10. Bc2 {[%clk 1:34:00]} Ne8 {[%clk 1:18:00]} 11. Qd2 {[%clk 1:34:00]}
f5 {[%clk 1:13:00]} 12. exf5 {[%clk 1:34:00]} gxf5 {[%clk 1:13:00]} 13. g4 {[%clk
1:33:00]} Qe7 {[%clk 1:07:00]} 14. gxf5 {[%clk 1:27:00]} Bxf5 {[%clk 1:06:00]}
15. Bxf5 {[%clk 1:25:00]} Rxf5 {[%clk 1:06:00]} 16. Ng3 {[%clk 1:24:00]} Rf8
{[%clk 0:50:00]} 17. Bxc5 {[%clk 1:21:00]} dxc5 {[%clk 0:50:00]} 18. Qe2 {[%clk
1:17:00]} Nd6 {[%clk 0:39:00]} 19. Nge4 {[%clk 1:15:00]} Nf5 {[%clk 0:38:00]} 20.
O-O-O {[%clk 1:11:00]} Nd4 {[%clk 0:37:00]} 21. Qh5 {[%clk 1:10:00]} Rf5 {[%clk
0:34:00]} 22. Qg4 {[%clk 1:10:00]} Rf4 {[%clk 0:35:00]} 23. Qg2 {[%clk 1:05:00]}
Qf7 {[%clk 0:34:00]} 24. Rd3 {[%clk 1:02:00]} Kh8 {[%clk 0:30:00]} 25. Rg3 {[%clk
1:01:00]} Bh6 {[%clk 0:29:00]} 26. Kb1 {[%clk 1:00:00]} Nf5 {[%clk 0:22:00]} 27.
Rg4 {[%clk 0:56:00]} Nh4 {[%clk 0:20:00]} 28. Qg3 {[%clk 0:50:00]} Nf5 {[%clk
0:19:46]} 29. Qg2 {[%clk 0:51:00]} b6 {[%clk 0:17:54]} 30. Ne2 {[%clk 0:45:00]}
Nh4 {[%clk 0:17:54]} 1/2-1/2

[Event "Campeonato España Sub 16"]
[Site "Salobreña"]
[Date "2017.07.25"]
[Round "3"]
[White "Rodriguez Lopez, David"]
[Black "Munoz Pelaez, Manuel"]
[Result "1/2-1/2"]
[Board "16"]
[WhiteClock "1:30"]
[WhiteElo "1923"]
[WhiteCountry "ESP"]
[WhiteFideId "32005830"]
[WhiteEloChange "5"]
[BlackClock "1:30"]
[BlackElo "2104"]
[BlackCountry "ESP"]
[BlackFideId "22274723"]
[BlackEloChange "-5"]

1. e4 {[%clk 1:30:00]} c5 {[%clk 1:30:00]} 2. Nc3 {[%clk 1:31:00]} e6 {[%clk
1:30:00]} 3. g3 {[%clk 1:31:00]} d5 {[%clk 1:30:00]} 4. exd5 {[%clk 1:28:00]}
exd5 {[%clk 1:31:00]} 5. d3 {[%clk 1:28:00]} Nf6 {[%clk 1:31:00]} 6. Bg2 {[%clk
1:28:00]} Be7 {[%clk 1:31:00]} 7. Nge2 {[%clk 1:28:00]} O-O {[%clk 1:28:00]} 8.
O-O {[%clk 1:27:00]} d4 {[%clk 1:26:00]} 9. Ne4 {[%clk 1:26:00]} Nd5 {[%clk
1:26:00]} 10. Nf4 {[%clk 1:11:00]} Nxf4 {[%clk 1:24:00]} 11. Bxf4 {[%clk
1:11:00]} Nc6 {[%clk 1:20:00]} 12. h4 {[%clk 1:04:00]} f5 {[%clk 1:11:00]} 13.
Nd2 {[%clk 1:01:00]} Be6 {[%clk 1:07:00]} 14. Re1 {[%clk 0:58:00]} Bd5 {[%clk
1:03:00]} 15. Bxd5+ {[%clk 0:55:00]} Qxd5 {[%clk 1:03:00]} 16. Qf3 {[%clk
0:56:00]} Qxf3 {[%clk 0:58:00]} 17. Nxf3 {[%clk 0:56:00]} Rfe8 {[%clk 0:57:00]}
18. a3 {[%clk 0:55:00]} Bf6 {[%clk 0:56:00]} 19. Kf1 {[%clk 0:53:00]} Kf7 {[%clk
0:56:00]} 20. Rxe8 {[%clk 0:51:00]} Rxe8 {[%clk 0:57:00]} 21. Re1 {[%clk
0:52:00]} Rxe1+ {[%clk 0:57:00]} 22. Kxe1 {[%clk 0:52:00]} Ke6 {[%clk 0:57:00]}
23. Kd2 {[%clk 0:47:00]} h6 {[%clk 0:55:00]} 24. h5 {[%clk 0:47:00]} Kd5 {[%clk
0:52:00]} 25. a4 {[%clk 0:44:00]} a6 {[%clk 0:51:00]} 26. b3 {[%clk 0:44:00]} b5
{[%clk 0:51:00]} 27. axb5 {[%clk 0:43:00]} axb5 {[%clk 0:51:00]} 28. Ke2 {[%clk
0:42:00]} Ke6 {[%clk 0:47:00]} 29. Kd2 {[%clk 0:42:00]} Be5 {[%clk 0:43:00]} 30.
Bxe5 {[%clk 0:36:00]} Nxe5 {[%clk 0:43:00]} 31. Nxe5 {[%clk 0:33:00]} Kxe5 {[%clk
0:44:00]} 32. f4+ {[%clk 0:33:00]} Kf6 {[%clk 0:44:00]} 33. Ke2 {[%clk 0:33:00]}
g6 {[%clk 0:44:00]} 34. Kf3 {[%clk 0:33:00]} gxh5 {[%clk 0:44:00]} 35. Kg2 {[%clk
0:32:00]} Ke6 {[%clk 0:45:00]} 36. Kf2 {[%clk 0:32:00]} Kd5 {[%clk 0:44:00]} 37.
Ke2 {[%clk 0:32:00]} Kc6 {[%clk 0:44:00]} 38. Kd2 {[%clk 0:32:00]} Kb6 {[%clk
0:44:00]} 39. c3 {[%clk 0:20:00]} dxc3+ {[%clk 0:31:00]} 40. Kxc3 {[%clk
0:20:00]} Kc6 {[%clk 0:32:00]} 41. d4 {[%clk 0:20:00]} 1/2-1/2

[Event "Campeonato España Sub 16"]
[Site "Salobreña"]
[Date "2017.07.25"]
[Round "3"]
[White "Fuentes Perez, Noe"]
[Black "Rodriguez Izquierdo, Luis"]
[Result "1/2-1/2"]
[Board "17"]
[WhiteClock "1:30"]
[WhiteElo "1736"]
[WhiteCountry "ESP"]
[WhiteFideId "24536334"]
[WhiteEloChange "8"]
[BlackClock "1:30"]
[BlackElo "2088"]
[BlackCountry "ESP"]
[BlackFideId "32051603"]
[BlackEloChange "-8"]

1. b3 {[%clk 1:30:00]} e5 {[%clk 1:30:00]} 2. Bb2 {[%clk 1:30:00]} Nc6 {[%clk
1:30:00]} 3. e3 {[%clk 1:31:00]} Nf6 {[%clk 1:29:00]} 4. Bb5 {[%clk 1:30:00]} Bd6
{[%clk 1:28:00]} 5. Ne2 {[%clk 1:29:00]} a6 {[%clk 1:26:00]} 6. Bxc6 {[%clk
1:28:00]} dxc6 {[%clk 1:26:00]} 7. d3 {[%clk 1:28:00]} Qe7 {[%clk 1:24:00]} 8. e4
{[%clk 1:26:00]} O-O {[%clk 1:23:00]} 9. Ng3 {[%clk 1:22:00]} Bc5 {[%clk
1:10:00]} 10. h3 {[%clk 1:19:00]} Ne8 {[%clk 1:08:00]} 11. O-O {[%clk 1:18:00]}
Nd6 {[%clk 1:07:00]} 12. Nd2 {[%clk 1:12:00]} f6 {[%clk 1:03:00]} 13. Kh1 {[%clk
1:07:00]} Be6 {[%clk 0:56:00]} 14. f4 {[%clk 1:04:00]} exf4 {[%clk 0:56:00]} 15.
Nh5 {[%clk 1:01:00]} Nb5 {[%clk 0:47:00]} 16. Nxf4 {[%clk 0:54:00]} Bd4 {[%clk
0:46:00]} 17. Bxd4 {[%clk 0:50:00]} Nxd4 {[%clk 0:46:00]} 18. Nf3 {[%clk
0:50:00]} c5 {[%clk 0:42:00]} 19. c3 {[%clk 0:47:00]} Nxf3 {[%clk 0:36:00]} 20.
Qxf3 {[%clk 0:46:00]} Rad8 {[%clk 0:35:00]} 21. Rad1 {[%clk 0:45:00]} Rd6 {[%clk
0:34:00]} 22. Qe3 {[%clk 0:39:00]} b6 {[%clk 0:31:00]} 23. Rd2 {[%clk 0:37:00]}
Bc8 {[%clk 0:29:00]} 24. d4 {[%clk 0:28:00]} cxd4 {[%clk 0:27:00]} 25. cxd4
{[%clk 0:25:00]} Rfd8 {[%clk 0:27:00]} 26. Rfd1 {[%clk 0:24:00]} Bb7 {[%clk
0:23:00]} 27. d5 {[%clk 0:21:00]} Re8 {[%clk 0:18:36]} 28. Re1 {[%clk 0:19:05]}
c6 {[%clk 0:17:04]} 29. dxc6 {[%clk 0:13:27]} Rxd2 {[%clk 0:16:48]} 30. Qxd2
{[%clk 0:13:47]} Bxc6 {[%clk 0:16:58]} 31. Nd5 {[%clk 0:11:49]} Qd6 {[%clk
0:15:58]} 32. Qf2 {[%clk 0:08:03]} Bxd5 {[%clk 0:10:45]} 33. exd5 {[%clk
0:08:22]} Rxe1+ {[%clk 0:10:53]} 34. Qxe1 {[%clk 0:08:47]} Kf7 {[%clk 0:11:19]}
35. Qe2 {[%clk 0:07:50]} b5 {[%clk 0:10:40]} 36. Qe4 {[%clk 0:07:26]} Qe5 {[%clk
0:10:26]} 37. Qd3 {[%clk 0:05:42]} g6 {[%clk 0:06:54]} 38. Qd2 {[%clk 0:03:01]}
Ke7 {[%clk 0:06:54]} 1/2-1/2

[Event "Campeonato España Sub 16"]
[Site "Salobreña"]
[Date "2017.07.25"]
[Round "3"]
[White "Cubas Cabrera, Angel Luis"]
[Black "Perez Perez , Gabriel"]
[Result "1/2-1/2"]
[Board "18"]
[WhiteClock "1:30"]
[WhiteElo "2029"]
[WhiteCountry "ESP"]
[WhiteFideId "32046561"]
[WhiteEloChange "-1"]
[BlackClock "1:30"]
[BlackElo "2000"]
[BlackCountry "ESP"]
[BlackFideId "32089147"]
[BlackEloChange "1"]

1. d4 {[%clk 1:30:30]} Nf6 {[%clk 1:30:30]} 2. c4 {[%clk 1:30:30]} g6 {[%clk
1:30:30]} 3. Nf3 {[%clk 1:30:30]} Bg7 {[%clk 1:31:00]} 4. g3 {[%clk 1:32:00]} O-O
{[%clk 1:32:00]} 5. Bg2 {[%clk 1:32:00]} d6 {[%clk 1:32:00]} 6. O-O {[%clk
1:33:00]} Nbd7 {[%clk 1:32:00]} 7. Nc3 {[%clk 1:33:00]} e5 {[%clk 1:32:00]} 8.
Qc2 {[%clk 1:33:00]} Re8 {[%clk 1:32:00]} 9. Rd1 {[%clk 1:33:00]} e4 {[%clk
1:33:00]} 10. Ng5 {[%clk 1:33:00]} e3 {[%clk 1:33:00]} 11. f4 {[%clk 1:34:00]} h6
{[%clk 1:25:00]} 12. Nge4 {[%clk 1:23:00]} Nxe4 {[%clk 1:25:00]} 13. Nxe4 {[%clk
1:18:00]} Nf6 {[%clk 1:22:00]} 14. Nxf6+ {[%clk 1:12:00]} Qxf6 {[%clk 1:19:00]}
15. Qb3 {[%clk 1:00:00]} Qe7 {[%clk 1:18:00]} 16. Bf3 {[%clk 0:57:00]} c5 {[%clk
1:16:00]} 17. d5 {[%clk 0:50:00]} g5 {[%clk 1:06:00]} 18. fxg5 {[%clk 0:45:00]}
hxg5 {[%clk 0:49:00]} 19. a4 {[%clk 0:39:00]} g4 {[%clk 0:43:00]} 20. Bg2 {[%clk
0:38:00]} Bf5 {[%clk 0:38:00]} 21. Rf1 {[%clk 0:34:00]} Bg6 {[%clk 0:39:00]} 22.
Ra3 {[%clk 0:29:00]} Bd4 {[%clk 0:32:00]} 23. Rf4 {[%clk 0:25:00]} f5 {[%clk
0:32:00]} 24. Qd1 {[%clk 0:20:00]} Qg7 {[%clk 0:30:00]} 25. Rb3 {[%clk 0:18:02]}
Re7 {[%clk 0:29:00]} 26. Rb5 {[%clk 0:17:21]} Rae8 {[%clk 0:27:00]} 27. b4 {[%clk
0:16:51]} Qh6 {[%clk 0:27:00]} 28. bxc5 {[%clk 0:16:51]} Bxc5 {[%clk 0:16:24]}
29. Rxc5 {[%clk 0:12:06]} Rh7 {[%clk 0:12:47]} 30. Qd4 {[%clk 0:03:55]} Qxh2+
{[%clk 0:08:56]} 31. Kf1 {[%clk 0:04:25]} Qxg3 {[%clk 0:08:18]} 32. Rc8 {[%clk
0:02:56]} Rxc8 {[%clk 0:08:26]} 33. Bxe3 {[%clk 0:02:56]} Re8 {[%clk 0:07:31]}
34. Bf2 {[%clk 0:03:05]} Qb3 {[%clk 0:05:21]} 35. Be1 {[%clk 0:02:27]} Qc2 {[%clk
0:05:15]} 36. e4 {[%clk 0:01:46]} fxe4 {[%clk 0:05:15]} 37. Rxg4 {[%clk 0:02:01]}
Rf8+ {[%clk 0:04:02]} 38. Kg1 {[%clk 0:02:30]} e3 {[%clk 0:03:16]} 39. Qxe3
{[%clk 0:02:39]} Rg7 {[%clk 0:02:00]} 40. Qe6+ {[%clk 0:01:59]} Bf7 {[%clk
0:04:34]} 41. Rxg7+ {[%clk 0:11:55]} Kxg7 {[%clk 0:01:33]} 42. Qxd6 {[%clk
0:02:34]} Re8 {[%clk 0:01:12]} 43. Qg3+ {[%clk 0:02:54]} Bg6 {[%clk 0:01:10]} 44.
Bc3+ {[%clk 0:03:00]} Kg8 {[%clk 0:01:19]} 45. d6 {[%clk 0:02:46]} Qd1+ {[%clk
0:00:40]} 46. Bf1 {[%clk 0:02:09]} Kh7 {[%clk 0:00:40]} 47. d7 {[%clk 0:01:59]}
Rf8 {[%clk 0:00:46]} 48. Qh4+ {[%clk 0:02:00]} Bh5 {[%clk 0:00:46]} 49. Qe4+
{[%clk 0:02:00]} Bg6 {[%clk 0:01:01]} 50. Qh4+ {[%clk 0:00:55]} Bh5 {[%clk
0:01:31]} 51. Qe7+ {[%clk 0:01:17]} Rf7 {[%clk 0:01:46]} 52. Qe4+ {[%clk
0:01:30]} Bg6 {[%clk 0:01:46]} 1/2-1/2